<?xml version="1.0" encoding="UTF-8"?><?xml-stylesheet type="text/xsl" href="static/style.xsl"?><OAI-PMH xmlns="http://www.openarchives.org/OAI/2.0/" xmlns:xsi="http://www.w3.org/2001/XMLSchema-instance" xsi:schemaLocation="http://www.openarchives.org/OAI/2.0/ http://www.openarchives.org/OAI/2.0/OAI-PMH.xsd"><responseDate>2026-06-02T02:30:21Z</responseDate><request verb="GetRecord" identifier="oai:riubu.ubu.es:10259/4413" metadataPrefix="marc">https://riubu.ubu.es/oai/request</request><GetRecord><record><header><identifier>oai:riubu.ubu.es:10259/4413</identifier><datestamp>2021-11-10T09:38:22Z</datestamp><setSpec>com_10259_4145</setSpec><setSpec>com_10259_5086</setSpec><setSpec>com_10259_2604</setSpec><setSpec>col_10259_4146</setSpec></header><metadata><record xmlns="http://www.loc.gov/MARC21/slim" xmlns:doc="http://www.lyncode.com/xoai" xmlns:xsi="http://www.w3.org/2001/XMLSchema-instance" xmlns:dcterms="http://purl.org/dc/terms/" xsi:schemaLocation="http://www.loc.gov/MARC21/slim http://www.loc.gov/standards/marcxml/schema/MARC21slim.xsd">
<leader>00925njm 22002777a 4500</leader>
<datafield tag="042" ind1=" " ind2=" ">
<subfield code="a">dc</subfield>
</datafield>
<datafield tag="720" ind1=" " ind2=" ">
<subfield code="a">Lacolla, Liliana H.</subfield>
<subfield code="e">author</subfield>
</datafield>
<datafield tag="720" ind1=" " ind2=" ">
<subfield code="a">Meneses Villagrá, Jesús Ángel</subfield>
<subfield code="e">author</subfield>
</datafield>
<datafield tag="720" ind1=" " ind2=" ">
<subfield code="a">Valeiras Esteban, Beatriz Nora</subfield>
<subfield code="e">author</subfield>
</datafield>
<datafield tag="260" ind1=" " ind2=" ">
<subfield code="c">2013-07</subfield>
</datafield>
<datafield tag="520" ind1=" " ind2=" ">
<subfield code="a">One of the most important structuring concepts that teachers develop in the classroom is the one of chemical change and regarding this, there is abundant literature detailing the difficulties generated by its learning. However, is not usually considered the role played by the social representations among the possible factors influencing in the construction of this concept by the students. This article shows results of a research that identifies the structure of the Social Representation that common people has about chemical reactions and the way in which this representation flows through communication media. Tus is proposed the need to broaden the investigations about the influence that social representations have in the learning of various scientific concepts at school.</subfield>
</datafield>
<datafield tag="024" ind2=" " ind1="8">
<subfield code="a">http://hdl.handle.net/10259/4413</subfield>
</datafield>
<datafield ind1=" " ind2=" " tag="653">
<subfield code="a">Chemical reactions</subfield>
</datafield>
<datafield ind1=" " ind2=" " tag="653">
<subfield code="a">social representations</subfield>
</datafield>
<datafield ind1=" " ind2=" " tag="653">
<subfield code="a">explosions</subfield>
</datafield>
<datafield ind1=" " ind2=" " tag="653">
<subfield code="a">teaching</subfield>
</datafield>
<datafield tag="245" ind1="0" ind2="0">
<subfield code="a">Las representaciones sociales y las reacciones químicas: desde las explosiones hasta Fukushima</subfield>
</datafield>
</record></metadata></record></GetRecord></OAI-PMH>